00355nam a2200133Ia 4500008004100000041000800041082001700049100001600066245001900082260008500101300001100186365001100197650001300208210719s1973 xx 000 0 und d aeng a741.954 SWAP aSWAMY (S N) aPriyadarshini. aBangalore.bThe Director of Information and Tourism, Government of Mysore.c1973 a49bHB b25cRs aThe Arts